000
00317nam a22001457a 4500
008
221123b ||||| |||| 00| 0 eng d
020
_a
9780763701796
041
_a
eng
080
_a
159.9
082
_a
159.9SEA
100
_a
25
101
_a
PSI
245
_a
HEALTH AND WELLNESS
_c
SEAWARD L.B
942
_2
udc
_c
BK
999
_c
59013
_d
59013